Introduction to econometrics /

Guardado en:
Autor Principal: Theil, Henri.
Formato: Libro
Idioma:English
Publicado: Englewood Cliffs, N.J. : Prentice-Hall, c1978.
Materias:
Etiquetas: Agregar Etiqueta
Sin Etiquetas, Sea el primero en etiquetar este registro!
LEADER 00867pam a2200265 a 4500
001 EEO.eeo000511
008 770916s1978####njua###g#b####001#0#eng##
005 20100625122144.0
245 1 0 |a Introduction to econometrics /  |c Henri Theil. 
260 |a Englewood Cliffs, N.J. :  |b Prentice-Hall,  |c c1978. 
300 |a xxvii, 447 p. :  |b il. ;  |c 24 cm. 
504 |a Incluye referencias bibliográficas (p. 427-432) e índice. 
020 |a 0134810287 
100 1 |a Theil, Henri. 
082 0 0 |a 330/.01 
650 7 |a Econometría.  |2 Isoc 
650 7 |a Probabilidades.  |2 Isoc 
650 7 |a Estadística.  |2 Isoc 
650 7 |a Modelo de regresión.  |2 Isoc 
650 7 |a Econometría aplicada.  |2 Isoc 
650 7 |a Predicciones.  |2 Isoc 
010 |a  77014972  
040 |a DLC  |c DLC  |d DLC 
050 0 0 |a HB139  |b .T47 1978 
859 |a AR-BaUEB  |b BIB. ECONOMIA - General  |h 330.015195  |i T341  |p e04461